000 00542nam a2200217Ia 4500
005 20211214161629.0
008 131103s9999 xx 000 0 und d
020 _a817033197X
_cRs.125.00
040 _aLoreto College
041 _aEnglish
082 _a301.0954
_bAHU
100 _aAhuja, Ram
245 _aIndian social system
_cRam Ahuja
260 _aJaipur and New Delhi
_bRawat
_c1994
300 _axiv,458p
504 _aIncludes index
650 _aSociology
650 _aSociety in India
850 _aLCLIB
942 _cBK
999 _c36396
_d86875